000 00484nam a2200181Ia 4500
005 20250603145530.0
008 250603s9999 xx 000 0 und d
020 _a978-81-2032618-7
050 _aJC 421 .H66/
100 _aHood, Steven J.
245 0 _aPolitical development and democratic theory : rethinking comparative politics
260 _aNew Delhi
260 _bPHI Learning Private Limited
260 _c2009
300 _a175 p
650 _aNew Delhi
942 _cBK
999 _c42132
_d42132